|
|
|
|
| LEADER |
00000naa2a2200000 4500 |
| 001 |
381918 |
| 005 |
20231101062907.0 |
| 035 |
|
|
|a (RuTPU)RU\TPU\prd\5139
|
| 090 |
|
|
|a 381918
|
| 100 |
|
|
|a 20020625a2002 k y0rusy50 ca
|
| 101 |
0 |
|
|a rus
|
| 102 |
|
|
|a RU
|
| 200 |
1 |
|
|a Обеспечение экологической безопасности кожевенного производства
|f Т. А. Будыкина
|
| 225 |
1 |
|
|a Инженерные решения
|
| 320 |
|
|
|a Библиогр.: 4 назв.
|
| 461 |
|
1 |
|0 (RuTPU)RU\TPU\prd\1141
|t Экология и промышленность России
|o ежемесячный общественный научно-технический журнал
|d 2001-
|
| 463 |
|
1 |
|0 (RuTPU)RU\TPU\prd\2123
|t № 1
|v С. 10-13
|d 2002
|
| 610 |
1 |
|
|a экологическая безопасность
|
| 610 |
1 |
|
|a кожевенное производство
|
| 610 |
1 |
|
|a химические расчёты
|
| 610 |
1 |
|
|a сточные воды
|
| 700 |
|
1 |
|a Будыкина
|b Т. А.
|
| 801 |
|
1 |
|a RU
|b 63413507
|c 20020625
|g PSBO
|
| 801 |
|
2 |
|a RU
|b 63413507
|c 20050121
|g PSBO
|
| 942 |
|
|
|c BK
|